000 00389nam a22001457a 4500
005 20251108171808.0
008 250721s1977 xx 000 0 ara d
082 1 4 _aق/محم
100 1 _aعودة، محمد
245 1 0 _aالباشا و الثورة /
264 1 _aالقاهرة :
_bمؤسسة روز اليوسف،
_c1977.
300 _a86ص
942 _2ddc
_cBK
999 _c62731
_d62731